• 首页
  • 本馆介绍
  • 公告通知
  • 最新文献
  • 馆藏检索
  • 电子资源
  • 读者导购
  • 参考咨询
  • 我的图书馆
  • 登录
  • 详细信息显示
  • 放入我的书架
  • 预约/预借图书
  • 作者相关作品
  • 分类相关作品
  • 丛书相关作品
  • 出版社相关作品

书目信息

  • 表格格式
  • 工作单格式
  • 卡片格式
题名:
苹果栽培
    
 
作者: 《苹果栽培》编写组编
分册:  
出版信息: 北京   农业出版社  1978
页数: 406页
开本: 19cm
丛书名: 农业科学实验丛书
单 册:
中图分类: S661.1
科图分类:
主题词: 苹果--栽培
电子资源:
ISBN:
000 00588nam2 2200229 45
001 0178000697
005 20060801083335.62
010    @dCNY0.94
091    @a16144.1816
100    @a19950802d1978 em y0chiy0121 ea
101 0  @achi
102    @aCN@b110000
105    @ay z 000yy
200 10 @a苹果栽培@Aping guo zai pei@f《苹果栽培》编写组编
210    @a北京@c农业出版社@d1978
215    @a406页@d19cm
225 2  @a农业科学实验丛书
410  0 @120010@a农业科学实验丛书
606    @a苹果@x栽培
690    @aS661.1@v3
801  0 @aCN@bTSSF@c20060801
905    @a10447@dS661.1@e113
    
    苹果栽培/《苹果栽培》编写组编.-北京:农业出版社,1978
    406页;19cm.-(农业科学实验丛书)
    
    
    ISBN :CNY0.94
    
●
相关链接 在E读中查询图书 在五车中查询图书 在当当中查询图书 在豆瓣中查询图书


正题名:苹果栽培     索取号:S661.1/113         预约/预借

序号 登录号 条形码 馆藏地/架位号 状态 备注
1 0438688   204386887   第二样本阅览室/ [索取号:S661.1/113] 在馆    
2 0439250   204392503   密集书库/ [索取号:S661.1/113] 在馆    
唐山师范学院图书馆 欢迎您!
大连网信软件有限公司© 版权所有